000 00553cam a22001457a 4500
008 180718b1990 xxu||||| |||| 00| 0 eng d
082 _aAPPPA 89-90 VAR
100 _aVarma, Padmaja
245 _aTrends in foreign collaborations Indian industry: a special reference to foreign collaborations approved in 1988 and 1989
_cby Padmaja Varma
260 _aNew Delhi
_bIndian Institute of Public Administration
_c1990
300 _a146p.
650 _aIndia's development
650 _aIndian policy-Foreign collaborations
650 _aForeign collaborations
999 _c477723
_d477723